000 01710nam a22002897a 4500
999 _c62944
_d62944
003 Ge_BSU
005 20250327120712.0
008 250327s2013 ge ||||| |||| 00| 0 geo d
020 _a9789941427398
041 _ageo
080 _a81'374.3=353.31 თ-30
100 _aთანდილავა, ალი
_924695
245 _aლაზური ლექსიკონი (ლაზური ნენაფუნა) /
_c ალი თანდილავა; მთ. რედ. მერაბ ჩუხუა; რედ. ნ. ქუთელია, ლილე თანდილავა, ლალი ეზუგბაია;
264 _aთბილისი :
_bსაარი,
_c2013.
300 _a920 გვ. ;
_b25 სმ.
500 _aგარეკანზე: სიცოცხლის ხის მოტივი
520 _aრეზ. ინგლ. ენაზე
653 _aლაზური ენის განმარტებითი ლექსიკონი
700 _aჩუხუა, მერაბ
_eრედ.-გამომც.
_916915
700 _aბატიაშვილი, ზურაბ
_e თურქოლოგი
_919145
700 _aხურციძე, ხვიჩა
_eდიზაინერი
_924696
700 _aქუთელია, ნ.
_eრედაქტორი
_924697
700 _aთანდილავა, ლილე
_eრედაქტორი
_95951
700 _aეზუგბაია, ლალი
_eრედაქტორი
_924698
710 _aარნ. ჩიქობავას სახ. ენათმეცნ. ინ-ტი.
_91996
942 _2udc
_cᲬᲘᲒᲜᲘ